[Event "World Rapid 2023"]
[Site "Samarkand UZB"]
[Date "2023.12.28"]
[Round "10.20"]
[White "Praggnanandhaa, R."]
[Black "Holt, C."]
[Result "1-0"]
[WhiteElo "2740"]
[BlackElo "2540"]
[PlyCount "89"]
[EventDate "2023.12.26"]
[EventType "rapid"]

1. Nf3 d5 2. g3 Bg4 3. Bg2 Nd7 4. O-O e6 5. h3 Bxf3 6. Bxf3 Bd6 7. d3 Ngf6 8. e4 O-O 9. Bg2 c6 10. Qe2 Qb6 11. Kh1 Rad8 12. Nd2 Rfe8 13. Nf3 $146 ({RR} 13. a4 e5 14. Nb3 Qa6 15. Qf3 h6 16. Bd2 dxe4 17. dxe4 c5 18. Bc3 Nf8 19. Rfd1 b6 20. Bd2 c4 21. Nc1 Bc5 22. Ne2 Rd6 23. Nc3 Red8 24. Be1 Ne6 25. Rxd6 Rxd6 26. Nb5 Nd4 27. Nxd4 Bxd4 {Svane,R (2637)-Holt,C (2553) Chess.com INT 2022 ½-½ (62)}) 13... e5 14. Nh4 Bf8 15. Nf5 Qa6 16. Qf3 dxe4 17. dxe4 Qc4 18. Bg5 h6 19. Be3 Qxc2 20. Rad1 Qc4 21. Rd2 Bb4 22. Rdd1 Qe6 23. h4 Bf8 24. b3 Kh8 25. g4 Ng8 26. g5 g6 27. Nxh6 Nxh6 28. gxh6 Qf6 29. Qg4 Qe7 30. Bg5 f6 31. Be3 Qf7 32. Bh3 Nc5 33. Rxd8 Rxd8 34. Rg1 Kh7 35. h5 gxh5 36. Qf3 Kh8 37. Bxc5 Bxc5 38. Rg7 Qxg7 39. hxg7+ Kxg7 40. Bf5 b6 41. Qg3+ Kf8 42. Qg6 Rd6 43. Qh7 Ke8 44. Qc7 Kf8 45. Bg6 1-0

[Event "World Rapid 2023"]
[Site "Samarkand UZB"]
[Date "2023.12.28"]
[Round "11.36"]
[White "Dardha, Daniel"]
[Black "Martirosyan, Haik M."]
[Result "1-0"]
[WhiteElo "2598"]
[BlackElo "2678"]
[PlyCount "147"]
[EventDate "2023.12.26"]
[EventType "rapid"]

1. Nf3 d5 2. g3 Nc6 3. d4 Bf5 4. Bg2 Nb4 5. Na3 e6 6. O-O Be7 7. Re1 Nf6 8. c3 ({RR} 8. Bg5 Nc6 9. Bxf6 Bxf6 10. c3 O-O 11. Nc2 Be4 12. Ne3 g6 13. h4 Re8 14. a4 Bg7 15. a5 Qd6 16. Qa4 Rad8 17. Rad1 b6 18. b4 Ne7 19. Nd2 Bxg2 20. Nxg2 e5 21. e3 h6 22. b5 Nf5 {Livaic,L (2562)-Pasztor,B (2407) Eforie Nord ROU 2025 0-1 (47)}) 8... Nc6 9. Nb1 O-O 10. Bg5 $146 ({RR} 10. Nbd2 Ne4 11. Nxe4 Bxe4 12. Bf4 g5 13. Be3 f5 14. Qc1 g4 15. Ne5 Nxe5 16. dxe5 Bxg2 17. Kxg2 c5 18. Qd2 Qc7 19. Bf4 Rfd8 20. h3 d4 21. hxg4 fxg4 22. c4 Qc6+ 23. f3 d3 24. e4 gxf3+ {Svanda,O (2300)-Kozusek,D (2327) Chess.com INT 2021 0-1 (33)}) 10... Nd7 11. Bxe7 Nxe7 12. Nbd2 c5 13. e4 Bg4 14. h3 Bh5 15. exd5 Nxd5 16. Ne4 cxd4 17. Qxd4 Qc7 18. c4 Nb4 19. Qc3 a5 20. Nd4 Rfd8 21. a3 Nc6 22. Nb5 Qb8 23. g4 Bg6 24. Ned6 Nc5 25. Rad1 Na7 26. Nxb7 Rxd1 27. Rxd1 Nxb7 28. Nxa7 Rxa7 29. Qb3 Qc7 30. Bxb7 h5 31. Bf3 hxg4 32. hxg4 a4 33. Qb5 Qf4 34. Kg2 Re7 35. Rd8+ Kh7 36. Qb8 Qxb8 37. Rxb8 Rc7 38. Rb4 Bc2 39. Be2 Kg6 40. f4 Kf6 41. Rb5 Bb3 42. g5+ Ke7 43. c5 Rd7 44. Bf3 Rd2+ 45. Kg3 Rd3 46. Kf2 Bd5 47. Bxd5 exd5 48. Rb4 Ke6 49. Ke2 Rh3 50. Kd2 Rh2+ 51. Kc3 Rh3+ 52. Kd4 Rf3 53. Rb6+ Kd7 54. Kxd5 Rxf4 55. Rb7+ Kc8 56. Re7 Kd8 57. Ra7 g6 58. c6 Kc8 59. Kd6 Rd4+ 60. Kc5 Rd2 61. Ra8+ Kc7 62. Ra7+ Kc8 63. Rxa4 Rxb2 64. Ra8+ Kc7 65. Ra7+ Kc8 66. Rxf7 Rc2+ 67. Kd6 Rd2+ 68. Ke6 Rc2 69. Kf6 Rxc6+ 70. Kg7 Kd8 71. Rf6 Rc5 72. Kxg6 Ra5 73. Rf3 Ke7 74. Kh6 1-0

[Event "World Rapid 2023"]
[Site "Samarkand UZB"]
[Date "2023.12.28"]
[Round "11.55"]
[White "Ruck, R1."]
[Black "Piorun, K."]
[Result "1-0"]
[WhiteElo "2531"]
[BlackElo "2593"]
[PlyCount "107"]
[EventDate "2023.12.26"]
[EventType "rapid"]

1. Nf3 f5 2. g3 Nf6 3. Bg2 g6 4. d4 Bg7 5. b3 O-O 6. Bb2 b6 7. c4 Bb7 8. O-O e6 9. Nc3 Ne4 10. Rc1 d6 11. e3 $146 ({RR} 11. Ne1 Nxc3 12. Bxc3 {½-½ (12) Csom,I (2475)-Sahl,B (2470) Gausdal 1993}) 11... Nd7 12. Qc2 Qe7 13. b4 c5 14. a3 Nxc3 15. Bxc3 e5 16. bxc5 bxc5 17. d5 Bc8 18. Nd2 h5 19. f4 h4 20. Nf3 hxg3 21. hxg3 e4 22. Bxg7 Qxg7 23. Ng5 Nf6 24. Rb1 Bd7 25. Rb7 Rfb8 26. Rfb1 Rxb7 27. Rxb7 Ng4 28. Qc1 Qe7 29. Bf1 Qe8 30. Be2 Bc8 31. Rf7 Rb8 32. Bxg4 fxg4 33. Qc3 Qxf7 34. Nxf7 Rb1+ 35. Kf2 Kxf7 36. Qa5 Ke7 37. Qxa7+ Bd7 38. a4 Rb2+ 39. Ke1 Rb3 40. Ke2 Rb2+ 41. Kd1 Rg2 42. Qa8 Rxg3 43. Qh8 Rg1+ 44. Ke2 g3 45. Qg7+ Kd8 46. Qxg6 Kc7 47. a5 Rg2+ 48. Kf1 Ra2 49. Qxg3 Ra4 50. Qg7 Rxc4 51. f5 Rc1+ 52. Ke2 c4 53. Kd2 Rf1 54. f6 1-0

[Event "World Rapid 2023"]
[Site "Samarkand UZB"]
[Date "2023.12.28"]
[Round "11.66"]
[White "Adhiban, Baskaran"]
[Black "Song, R."]
[Result "1-0"]
[WhiteElo "2541"]
[BlackElo "2503"]
[PlyCount "49"]
[EventDate "2023.12.26"]
[EventType "rapid"]

1. b3 d5 2. Nf3 c5 3. e3 a6 4. Bb2 Nc6 5. d4 Nf6 6. dxc5 e6 7. a3 Bxc5 8. Nbd2 O-O 9. c4 dxc4 10. Bxc4 b5 11. Be2 Bb7 12. O-O Qe7 $146 ({RR} 12... Be7 13. Rc1 Rc8 14. Rc2 Qd5 15. Qb1 Rfd8 16. Rfc1 e5 17. b4 h6 18. Qa1 e4 19. Nd4 Nxd4 20. Bxd4 Qe6 21. Qb2 Bd5 22. h3 Rxc2 23. Rxc2 Rc8 24. Bd1 Rc6 25. Nb3 Ne8 26. Rd2 Qg6 27. Na5 {Shimanov,A (2578)-Uskov,A (2392) Samarkand UZB 2023 1-0 (56)}) 13. Qb1 Rfd8 14. Ng5 Rxd2 15. Bxf6 Qxf6 16. Qxh7+ Kf8 17. Ne4 Qb2 18. Nxc5 Rxe2 19. Nxb7 Ke7 20. Rad1 Ne5 21. Qe4 f6 22. Nc5 Ra7 23. Qh7 Qxa3 24. Qxg7+ Nf7 25. Ne4 1-0

[Event "World Rapid 2023"]
[Site "Samarkand UZB"]
[Date "2023.12.28"]
[Round "12.31"]
[White "Narayanan, SL."]
[Black "Daneshvar, Bardiya"]
[Result "1-0"]
[WhiteElo "2677"]
[BlackElo "2591"]
[PlyCount "157"]
[EventDate "2023.12.26"]
[EventType "rapid"]

1. Nf3 Nf6 2. g3 b6 3. Bg2 Bb7 4. O-O g6 5. c4 c5 6. b3 Bg7 7. Bb2 O-O 8. Nc3 d6 9. d4 cxd4 10. Nxd4 Bxg2 11. Kxg2 Qd7 12. e4 ({RR} 12. Qd3 Nc6 13. Rac1 Rac8 14. Rfd1 Rfd8 15. f3 a6 16. Nxc6 Rxc6 17. a4 Rcc8 18. e4 h5 19. Qe2 Qb7 20. Rc2 e6 21. Rcd2 Ne8 22. Rd3 Qe7 23. Na2 Bxb2 24. Qxb2 b5 25. axb5 axb5 26. cxb5 Rc5 {Vitiugov,N (2747)-Predke,A (2676) Moscow 2019 0-1 (64)}) ({RR} 12. e3 Nc6 13. Nd5 Nxd5 14. cxd5 Nxd4 15. Bxd4 Rfc8 16. Bxg7 Kxg7 17. Qd4+ Kg8 18. Rac1 Rc7 19. Rxc7 Qxc7 20. Rd1 Rc8 21. Qh4 Kg7 22. Qd4+ Kg8 23. Qh4 Qb7 24. Rd2 Rc1 25. Qa4 a5 26. Qb5 Rc5 {Hausrath,D (2470)-Neef,M (2465) Kirchweyhe GER 2025 ½-½ (69)}) 12... Nc6 13. Nxc6 Qxc6 14. f3 $146 ({RR} 14. Nd5 Nxd5 15. exd5 Qb7 16. Bxg7 Kxg7 17. Kg1 Kg8 18. Re1 Rac8 19. a4 a6 20. Qd4 Rc5 21. Qe3 Re8 22. Qh6 Rc7 23. Rad1 Rf8 24. Rd4 f6 25. Rde4 b5 26. axb5 axb5 27. Qe3 bxc4 28. bxc4 Rf7 {Tofan,I (2169)-Karagollu,A (2127) Ankara 2018 1-0 (78)}) 14... e6 15. Rc1 h5 16. Qe2 a6 17. a4 Nd7 18. Rcd1 Rad8 19. Qc2 Ne5 20. h3 Qc5 21. Qd2 Qb4 22. Qc2 Qc5 23. h4 Rc8 24. Rf2 Rfd8 25. Rfd2 Bh6 26. Rf2 Kh7 27. Bc1 Bg7 28. Bg5 Rd7 29. Rc1 Nc6 30. Qd1 Qb4 31. Bd2 Na5 32. Nd5 Qxb3 33. Qxb3 Nxb3 34. Nxb6 Nxc1 35. Bxc1 Rdc7 36. Nxc8 Rxc8 37. Rc2 Bd4 38. Ba3 Bc5 39. Bxc5 Rxc5 40. Kf2 Ra5 41. Ra2 Kg7 42. Ke3 Kf6 43. Kd4 Ke7 44. f4 e5+ 45. Kc3 exf4 46. gxf4 Ke6 47. Kb4 Rc5 48. a5 Rc8 49. Kc3 Rc7 50. Rb2 Rc5 51. Rb6 Rxa5 52. e5 Kd7 53. Rxd6+ Ke7 54. Kb4 Ra1 55. c5 Rb1+ 56. Kc4 a5 57. Ra6 Rb4+ 58. Kd5 Rxf4 59. c6 Rf1 60. Ra8 Rd1+ 61. Kc5 Rc1+ 62. Kb6 Rb1+ 63. Ka6 Rc1 64. Kb7 Rb1+ 65. Kc8 Rb5 66. c7 g5 67. hxg5 h4 68. Rb8 Rc5 69. Kb7 Ke6 70. c8=Q+ Rxc8 71. Rxc8 Kxe5 72. Rh8 Kf4 73. Rxh4+ Kxg5 74. Rh1 f5 75. Kc6 Kf4 76. Kd5 Ke3 77. Rh3+ Kd2 78. Ke5 Kc2 79. Ra3 1-0

[Event "World Blitz 2023"]
[Site "Samarkand UZB"]
[Date "2023.12.29"]
[Round "2.7"]
[White "Rapport, R."]
[Black "Dardha, Daniel"]
[Result "1-0"]
[WhiteElo "2731"]
[BlackElo "2598"]
[PlyCount "69"]
[EventDate "2023.12.29"]
[EventType "blitz"]

1. Nf3 d5 2. g3 g6 3. Bg2 Bg7 4. O-O e5 5. d3 Nc6 6. Nc3 Nge7 7. e4 O-O ({RR} 7... d4 8. Ne2 O-O 9. c3 a5 10. cxd4 Nxd4 11. Nexd4 exd4 12. Bf4 c5 13. a4 b6 14. Nd2 Be6 15. b3 Nc6 16. Nc4 Nb4 17. h4 h5 18. Kh2 Ra7 19. Bh3 Bxh3 20. Kxh3 f5 21. e5 Re8 22. Re1 {Rapport,R (2752)-Gukesh,D (2744) Zagreb CRO 2023 0-1 (102)}) ({RR} 7... d4 8. Nd5 O-O 9. Bg5 f6 10. Nxe7+ Nxe7 11. Bd2 Be6 12. h3 Qd7 13. Kh2 c5 14. Qe2 Rac8 15. c3 c4 16. cxd4 cxd3 17. Qe3 exd4 18. Nxd4 Bc4 19. Rfc1 f5 20. Bc3 Rce8 21. Nf3 Nd5 22. Qc5 {Stanojevic,I (2224)-Gruzman,I (2183) chess.com INT 2025 0-1 (60)}) ({RR} 7... dxe4 8. dxe4 Bg4 9. Be3 Nd4 10. Bxd4 exd4 11. Ne2 Nc6 12. Nf4 h5 13. h3 Bxf3 14. Qxf3 h4 15. Nd3 Ne5 16. Nxe5 Bxe5 17. Qb3 O-O 18. f4 Bg7 19. e5 d3 20. Rad1 Qd4+ 21. Kh1 d2 22. gxh4 {Aravindh,C (2698)-Dardha,D (2604) Vrnjacka Banja SRB 2024 1-0 (42)}) 8. exd5 Nxd5 9. Nxd5 Qxd5 10. Be3 $146 ({RR} 10. Re1 Qd6 11. Nd2 Be6 12. Ne4 Qe7 13. Bg5 f6 14. Be3 Qf7 15. b4 Rad8 16. b5 Nd4 17. Bxd4 Rxd4 18. Nc5 b6 19. Nxe6 Qxe6 20. c3 Rd6 21. Qa4 Qd7 22. Bc6 Qd8 23. Rad1 f5 24. c4 Kh8 {Rastbod,A (2270)-Danesharaste,A (2049) Rasht IRI 2024 ½-½ (80)}) 10... Qd6 11. Nd2 Re8 12. Re1 b6 13. Ne4 Qe6 14. Ng5 Qd7 15. Nxf7 Bb7 16. Ng5 h6 17. Ne4 Rf8 18. c3 Rad8 19. Nc5 bxc5 20. Qb3+ Qf7 21. Qxb7 Nd4 22. Rac1 Rb8 23. Qxa7 Rxb2 24. cxd4 cxd4 25. Rxc7 Qf6 26. Rf1 dxe3 27. Qxe3 h5 28. a4 Kh8 29. a5 Ra2 30. Rc6 Qf7 31. a6 Kh7 32. Be4 Bf6 33. Qf3 Qg7 34. Qxh5+ Kg8 35. Bd5+ 1-0

[Event "World Blitz 2023"]
[Site "Samarkand UZB"]
[Date "2023.12.29"]
[Round "2.31"]
[White "Petrosian, TL."]
[Black "Bharath, Subramaniyam H"]
[Result "1-0"]
[WhiteElo "2561"]
[BlackElo "2504"]
[PlyCount "57"]
[EventDate "2023.12.29"]
[EventType "blitz"]

1. Nf3 Nf6 2. g3 b6 3. Bg2 Bb7 4. d3 g6 5. e4 ({RR} 5. Nc3 Bg7 6. h4 c5 7. e4 Nc6 8. h5 Nxh5 9. Bg5 h6 10. Be3 Nf6 11. Rh4 g5 12. Rh1 d6 13. Qd2 Rg8 14. O-O-O Ng4 15. d4 Nxe3 16. fxe3 Qd7 17. Qf2 O-O-O 18. Kb1 Kb8 19. Nd5 e6 {Herrera Reyes,J (2335)-Vazquez Igarza,R (2504) Mengibar ESP 2024 0-1 (52)}) 5... c5 $146 ({RR} 5... d6 6. a4 Bg7 7. a5 O-O 8. O-O c5 9. Nc3 Qc8 10. Re1 Nc6 11. a6 Bxa6 12. e5 dxe5 13. Nxe5 Bb7 14. Nxc6 Bxc6 15. Rxe7 a6 16. Bf4 Qd8 17. Bxc6 Qxe7 18. Bxa8 Rxa8 19. Qf3 Qd8 20. Bc7 {Akhrof,L (2153)-Arrami,M Tiznit 2022 1-0}) ({RR} 5... d6 6. O-O Nbd7 7. Re1 Bg7 8. c4 O-O 9. Nc3 e5 10. d4 h6 11. h3 a6 12. d5 Nh7 13. Rb1 a5 14. a3 f5 15. Nh4 Qf6 16. exf5 gxf5 17. Nb5 Rac8 18. Qh5 Nc5 19. Be3 Ba6 20. b4 {Matlakov,M (2685)-Sevgi,V (2359) Chess.com INT 2020 1-0 (38)}) 6. e5 Ng4 7. Bf4 Bg7 8. O-O Nc6 9. Re1 Nh6 10. c3 Nf5 11. g4 Bh6 12. Qd2 Bxf4 13. Qxf4 Ng7 14. Ng5 O-O 15. Nd2 Qc7 16. Qg3 h6 17. Ngf3 Ne6 18. Rac1 d6 19. d4 cxd4 20. cxd4 d5 21. Nf1 Qd7 22. Rcd1 Ba6 23. Ne3 Nb4 24. Qh4 Kh7 25. Nf5 gxf5 26. gxf5 Ng7 27. e6 fxe6 28. Ng5+ Kg8 29. Qxh6 1-0

[Event "World Blitz 2023"]
[Site "Samarkand UZB"]
[Date "2023.12.29"]
[Round "3.2"]
[White "Artemiev, V."]
[Black "Cheparinov, I."]
[Result "1-0"]
[WhiteElo "2711"]
[BlackElo "2663"]
[PlyCount "183"]
[EventDate "2023.12.29"]
[EventType "blitz"]

1. Nf3 {Seyb,Alexander} d5 2. g3 Nc6 3. d4 ({RR} 3. Bg2 e5) 3... Bf5 4. Bg2 e6 5. O-O ({RR} 5. c4 Nb4 ({RR} 5... dxc4 6. Qa4 Qd7) 6. Na3 h6 ({RR} 6... c6)) 5... Nb4 6. Ne1 ({RR} 6. c4 Nc2 7. cxd5 ({RR} 7. Nh4 Nxa1 8. Nxf5 exf5 9. Nc3 ({RR} 9. cxd5 Bd6 10. Nc3 Ne7 11. Bg5 h6 12. Bxe7 Qxe7 13. e3 O-O 14. Qd3 Nb3 15. axb3 g6 16. Rc1 h5 17. h4 Rfd8 18. Na4 Rab8 19. Bf3 Kg7 20. Kg2 Rh8 21. Nc5 Rhd8 22. Rc4 Qf6 23. Rc1 Qe7) 9... Nf6 10. Bg5 ({RR} 10. cxd5 Be7 11. Bf4 O-O 12. Qd3 Qd7 13. Rxa1 c6 14. dxc6 bxc6 15. Qc4 Rac8 16. Na4 Rfd8 17. e3 Ne4 18. Rc1 c5 19. Bxe4 fxe4 20. Nxc5 Bxc5 21. dxc5 Qf5 22. h3 Qxh3 23. c6 Qf5 24. Qe2 Rd3) 10... Be7 11. Bxf6 Bxf6 12. Nxd5 O-O 13. e3 c6 14. Nxf6+ Qxf6 15. Qxa1 Rfe8 16. c5 ({RR} 16. b4 a5 17. b5 cxb5 18. c5) 16... g5 17. b4 f4 18. d5 Qxa1 19. Rxa1 fxe3 20. dxc6 e2 21. Re1 Rad8) 7... Nxa1 ({RR} 7... exd5 8. Nh4) 8. dxe6 ({RR} 8. e4 Bxe4 9. dxe6 f6 10. Nc3 Bc2 11. Qe2 c6 12. d5 Ne7 13. Nd4 Bg6 14. Bf4 Qb6 15. dxc6 Nxc6 16. Ndb5 O-O-O 17. e7 Nxe7 18. Qc4+ Nc6 19. Nxa7+ Qxa7 20. Bxc6 b5 21. Qe6+ Rd7 22. Nxb5 Qd4) 8... fxe6 9. e4 Bxe4 10. Nc3 ({RR} 10. Re1 Bxb1 11. Ng5 Bf5 12. Bxb7 ({RR} 12. g4 h6) 12... Ne7 ({RR} 12... Be7 13. Rxe6 Nf6 ({RR} 13... Bxe6 14. Nxe6 Qd6 15. Qa4+ Kf7 16. Qc4) 14. Qa4+ Nd7 15. Qc4) ({RR} 12... Bd6 13. Rxe6+ ({RR} 13. Nxe6 Bxe6 14. Rxe6+ Kf8 15. Qf3+ Nf6 16. Bxa8 Nc2) 13... Bxe6 14. Nxe6 Qe7 15. Qe2 Rd8 16. Bd5 c6 ({RR} 16... Nf6 17. Nxg7+ Kf8 18. Ne6+ Kg8 19. Bg5 Rf8 20. Nd8+ Kg7 21. Ne6+ Kg8 22. Nd8+ Kg7 23. Ne6+) 17. Bg5 ({RR} 17. Bxc6+ Rd7 18. Bg5 Nf6 19. Bxf6 gxf6 20. Qh5+ Qf7 21. Bxd7+ Ke7) 17... cxd5 ({RR} 17... Nf6 18. Nxg7+ Kf8 19. Ne6+ Ke8 20. Ng7+ Kd7 21. Be6+ Kc7 22. Nf5 Qf8 23. Qa6 Kb8) 18. Bxe7 Nxe7 19. Nxd8 Kxd8 20. Qd1 Rf8) 13. Nxe6 Bxe6 14. Rxe6 Rb8 ({RR} 14... Kf7 15. Re5 c6 16. Bg5 h6 17. Qf3+ Kg8 18. Bxe7 Bxe7 19. Bxc6 Bf6 20. Rd5 Qf8 21. Rd7 Rh7 22. Bxa8 g5 23. Bd5+ Kh8 24. Rxh7+ Kxh7 25. Qd1 Qd6 26. Be4+ Kg7 27. Qxa1 Qxd4 28. Qe1 Qxb2 29. Qa5) 15. Qa4+ Kf7 16. Qc4 Rxb7 17. Rxe7+ Kxe7 18. Bg5+ Kd7 19. Bxd8 Kxd8 20. Qd5+ Kc8 21. Qe6+ Kd8 22. Qd5+) 10... Bxf3 ({RR} 10... Bf5 11. Nh4 Qd7 ({RR} 11... Bd6 12. Nxf5 exf5 13. Bxb7 Ne7 14. Bxa8 Qxa8 15. Bg5 O-O 16. Bxe7 Bxe7 17. Qe2 Nc2 18. Qxc2 c5 19. Rc1 Qb7 20. d5 Bf6 21. d6 Qd7 22. Qb3+ Qf7 23. Nd5 Kh8 24. Nxf6 Qxf6 25. d7 Qd6) 12. Nxf5 exf5 13. Bxb7 Rb8 14. Re1+ Be7 15. Bd5 Rb6 16. Bg5 Kf8 17. Bf4 Nf6 18. Bc4 h5 19. h4 Rxb2 20. Qxa1 Rb6 21. Qd1 Bb4 22. Qd3 g6 23. Be5 Kg7 24. Rc1 Bxc3 25. Qxc3) 11. Bxf3 Qd7 ({RR} 11... c6 12. Bg4 ({RR} 12. Re1 Nf6 13. Rxe6+ Be7 14. Bf4 Qd7 15. Re3 O-O) 12... e5 ({RR} 12... Nf6 13. Bxe6) 13. Re1 Nf6 14. Rxe5+ Be7 15. Be6) 12. Bxb7 Rb8 13. Bg2 Nf6 14. Qe2 Be7 15. Bf4 O-O 16. Rxa1 Nd5 ({RR} 16... Bd6 17. Be3 Kh8) 17. Nxd5 exd5 18. Rc1 Rb7 ({RR} 18... Rxf4) 19. Qh5 Rf5 ({RR} 19... c6 20. Bh3 Qe8 21. Be6+ Kh8 22. Qxe8 Rxe8 23. Rxc6 Rxb2 24. Bxd5) 20. Qe2 ({RR} 20. Bh3 Rxh5 21. Bxd7 Bg5 22. Rxc7 Rxc7 23. Bxc7 Rh6) 20... Rf7 {Ding,L (2791)-Caruana,F (2835) chess24.com INT 2020 CBM 196 [Seyb,Alexander] ½-½ (35)} {RR} 21. Bf3) ({RR} 6. Na3 Nc6 {½-½ (9) Lazov,T (2410)-Risteski,E (2354) Piraeus GRE 2025}) 6... Be7 7. c3 Nc6 8. c4 $146 ({RR} 8. Nd2 Nf6 9. Nd3 O-O 10. Re1 a5 11. a4 Nb8 12. e4 dxe4 13. Nxe4 Nxe4 14. Bxe4 Bxe4 15. Rxe4 Nd7 16. Qf3 c5 17. dxc5 Nxc5 18. Rd4 Qb6 19. Nxc5 Bxc5 20. Rd7 Rab8 21. Rb1 Qb3 22. Bf4 Qxa4 {Visakh,N (2526)-Marcelin,C (2452) Chartres FRA 2024 1-0 (34)}) 8... Nf6 9. cxd5 exd5 10. Nc3 O-O 11. Bg5 Ne4 12. Bxe7 Nxe7 13. Nxe4 Bxe4 14. e3 Bxg2 15. Kxg2 c6 16. Qg4 Nc8 17. Nd3 Nd6 18. Nc5 Qe7 19. Qd7 Rfe8 20. Qxe7 Rxe7 21. a4 g6 22. b4 a6 23. g4 Kg7 24. Nd3 Rae8 25. h3 f6 26. Rfc1 Rh8 27. Nf4 Rhe8 28. Rc5 Ne4 29. Rc2 Nd6 30. Rb1 g5 31. Nh5+ Kg6 32. Ng3 Rd7 33. Rcc1 Rde7 34. Rh1 f5 35. gxf5+ Nxf5 36. Nxf5 Kxf5 37. b5 axb5 38. axb5 Rf8 39. Rhc1 Rf6 40. bxc6 bxc6 41. Rb6 Ree6 42. Ra1 h6 43. Kf3 Kg6+ 44. Kg2 Re7 45. Raa6 Ree6 46. Ra7 Kh5 47. Rbb7 Rf5 48. Rf7 Rxf7 49. Rxf7 Kg6 50. Rc7 Rf6 51. Kg3 h5 52. f3 Re6 53. Kf2 Rf6 54. Ke2 Re6 55. Rc8 Kg7 56. Ra8 Kh7 57. Ra6 Kg7 58. Kd3 Rf6 59. Ke2 Re6 60. Kf2 Kg6 61. e4 dxe4 62. d5 e3+ 63. Ke2 Re5 64. dxc6 Kf7 65. Ra7+ Ke6 66. Rh7 Rc5 67. Kxe3 Kf5 68. c7 Ke5 69. Kd3 Kd5 70. Rxh5 Rxc7 71. Rxg5+ Ke6 72. h4 Kf6 73. Ke3 Rc4 74. Rg4 Rc1 75. Kf2 Rc5 76. Kg3 Ra5 77. Rb4 Kg6 78. Kg4 Ra1 79. Rb6+ Kg7 80. h5 Rg1+ 81. Kf5 Rh1 82. h6+ Kh7 83. f4 Rf1 84. Ke5 Re1+ 85. Kf6 Rf1 86. f5 Kxh6 87. Kf7+ Kh7 88. f6 Ra1 89. Re6 Ra7+ 90. Kf8 Ra8+ 91. Re8 Ra6 92. f7 1-0

[Event "World Blitz 2023"]
[Site "Samarkand UZB"]
[Date "2023.12.29"]
[Round "3.27"]
[White "Pantsulaia, L."]
[Black "Aditya, Mittal"]
[Result "1-0"]
[WhiteElo "2561"]
[BlackElo "2595"]
[PlyCount "151"]
[EventDate "2023.12.29"]
[EventType "blitz"]

1. Nf3 d5 2. c4 d4 3. b4 c5 4. b5 g6 ({RR} 4... a6 5. g3 e5 6. d3 Bd6 7. Bg2 Nf6 8. O-O O-O 9. Nbd2 Ra7 10. a4 b6 11. e4 g6 12. Kh1 Nh5 13. Ng1 Re7 14. Ne2 a5 15. f4 exf4 16. gxf4 f6 17. Nf3 Qc7 18. Nfg1 Nd7 19. Nh3 {Abdusattorov,N (2766)-Sarana,A (2712) Tashkent UZB 2024 ½-½}) 5. d3 ({RR} 5. g3 b6 6. Bg2 Bb7 7. a4 a5 8. O-O Bg7 9. d3 e5 10. Ra2 Ne7 11. e3 O-O 12. exd4 exd4 13. Re1 Nd7 14. Bf4 Re8 15. Rae2 Nf6 16. Nbd2 h6 17. Be5 Qd7 18. Bxf6 Bxf6 19. Ne5 Bxe5 {Pantsulaia,L (2532)-Singh,S (2165) Bengaluru IND 2025 1-0}) 5... Bg7 6. g3 e5 7. Nbd2 $146 ({RR} 7. Bg2 Ne7 8. O-O O-O 9. a4 a5 10. bxa6 Nxa6 11. Na3 Nb4 12. Nb5 h6 13. Bd2 Nec6 14. Ne1 Be6 15. Nc2 Nxc2 16. Qxc2 Qd7 17. Rfb1 Ra6 18. f4 Bg4 19. fxe5 Nxe5 20. Bf4 g5 21. Bxe5 Bxe5 {Guerb,L (2295)-Estrada Nieto,J (2231) chess.com INT 2022 0-1 (46)}) 7... Ne7 8. Bg2 O-O 9. O-O Nd7 10. a4 a5 11. Ne4 Qc7 12. e3 f5 13. Neg5 Qd6 14. exd4 h6 15. Nh3 cxd4 16. Ba3 Nc5 17. Nd2 Rb8 18. Nb3 b6 19. Bxc5 bxc5 20. Nxa5 e4 21. Nb3 g5 22. Re1 e3 23. fxe3 dxe3 24. Rxe3 f4 25. gxf4 gxf4 26. Rf3 Bxa1 27. Qxa1 Bg4 28. Nf2 Bxf3 29. Bxf3 Kh7 30. Be4+ Nf5 31. a5 f3 32. Kh1 Qg6 33. Qg1 Qh5 34. Qg4 Qxg4 35. Nxg4 Kg7 36. Nxc5 Rbe8 37. Kg1 Nd6 38. Kf2 Rf4 39. Ne3 Rh4 40. Kg3 Rh5 41. Nb3 Nxe4+ 42. dxe4 Rxe4 43. Kxf3 Re8 44. Nd4 Rh3+ 45. Kf2 Rxh2+ 46. Kg3 Ra2 47. Nef5+ Kf6 48. a6 Re1 49. Nd6 Rb1 50. Kf4 Ke7 51. N6f5+ Kd7 52. Nxh6 Rc1 53. Ng4 Kd6 54. Ne3 Kc7 55. Nd5+ Kd6 56. Ne3 Kc7 57. Ke4 Re1 58. Ne6+ Kb6 59. Nf4 Ra3 60. Nd3 Rh1 61. Nd5+ Ka7 62. Kd4 Rd1 63. N5b4 Kb6 64. Ke4 Rd2 65. Nd5+ Ka7 66. N3b4 Kb8 67. Nc6+ Kc8 68. Ke5 Kd7 69. Nb6+ Kc7 70. Nd5+ Kd7 71. Ncb4 Re2+ 72. Kd4 Ra1 73. b6 Rb2 74. b7 Rxa6 75. Nxa6 Rxb7 76. Nc5+ 1-0

[Event "World Blitz 2023"]
[Site "Samarkand UZB"]
[Date "2023.12.29"]
[Round "4.28"]
[White "Petrosian, TL."]
[Black "Amar, Elham"]
[Result "1-0"]
[WhiteElo "2561"]
[BlackElo "2555"]
[PlyCount "115"]
[EventDate "2023.12.29"]
[EventType "blitz"]

1. Nf3 {Roiz,Michael} d5 2. g3 g6 3. c4 dxc4 4. Na3 ({RR} 4. Qa4+) 4... Bg7 5. Nxc4 Nc6 6. d3 e5 7. Bd2 ({RR} 7. Bg2 e4 8. dxe4 Qxd1+ 9. Kxd1 Nf6 10. Nfd2 Be6) 7... Nge7 8. Bg2 O-O 9. O-O a5 10. Rc1 h6 11. Bc3 f6 12. b3 Be6 13. Bb2 $146 ({RR} 13. Qd2 a4 14. Bb2 ({RR} 14. e4 axb3 15. axb3 Qd7 ({RR} 15... b5 16. Na5 Qb8 17. d4 b4 18. Nxc6 Nxc6 19. Bb2 Na5 20. d5 Bf7 21. Qe3) 16. d4 exd4 17. Nxd4 Nxd4 18. Qxd4 Qxd4 19. Bxd4 Rfd8 20. Bc3) 14... axb3 15. axb3 b5 16. Ne3 ({RR} 16. Na3 Na5 17. Qc2 Nxb3 18. Rcd1 Na5 19. Nxb5 c6 20. Na3 Bb3) 16... Na5 17. Qb4 ({RR} 17. Rb1 Nxb3 18. Qd1 c6) 17... Nxb3 18. Ng5 ({RR} 18. Rc3 c5 19. Qxb5 Nd4 20. Nxd4 exd4 21. Rb3 ({RR} 21. Rxc5 Rb8) 21... dxe3 22. Bxa8 Qxa8 23. Ra3 exf2+ 24. Rxf2 Qc8 25. e4 c4) 18... hxg5 19. Bxa8 c5 ({RR} 19... Nxc1 20. Rxc1 Qxa8 21. Qxe7 Re8 22. Qxc7) 20. Rxc5 Qxa8 21. Rxb5 ({RR} 21. Rc7 Nd5 22. Nxd5 Qxd5 23. Qe7 Bf7 24. Rd7 Qc6 25. Rc7 Qe6) 21... Nc6 22. Qd6 Nbd4 ({RR} 22... Re8 23. Qa3 Qxa3 24. Bxa3 Ncd4) 23. Bxd4 ({RR} 23. Ra1 Qc8 24. Bxd4 Nxd4 25. Rb2 Rd8 26. Qa6 Qc3 27. Qa3 Qxa3 28. Rxa3 f5) 23... Nxd4 24. Rb2 Rd8 25. Qb6 f5 26. Rfb1 f4 27. Nc4 e4 {Pantsulaia,L (2601)-So,W (2782) Baku 2016 CBM 175 [Roiz,Michael] 0-1 (37)}) ({RR} 13. e4 Bg4 ({RR} 13... Nb4 14. Nxa5 Nxa2 15. Nxb7 Qc8 16. Nc5 Nxc1 17. Qxc1) 14. h3 Bxf3 15. Qxf3 h5 16. Qe2 Bh6 17. Rcd1 Nd4 18. Qb2 Nec6 19. f4) ({RR} 13. e4 Qd7 14. d4 exd4 15. Nxd4 Nxd4 16. Qxd4 Qxd4 17. Bxd4 Rfd8 18. Bc3 a4 19. Na5 axb3 20. axb3 b6 21. e5 Nd5 22. Nc6 Nxc3 23. Rxc3 Re8 24. Ne7+ Kf7 25. Rxc7 Ra3 26. Nf5+ {1-0 (26) Praggnanandhaa,R (2743)-Anuj,S (2396) chess.com INT 2024}) 13... Qd7 14. Re1 Rad8 15. Qc2 Nd5 16. a3 Bh3 17. Bh1 Rfe8 18. Red1 Kh7 19. e4 Nf4 20. d4 exd4 21. Nxd4 Nxd4 22. Rxd4 Qe6 23. Qd2 Rxd4 24. Bxd4 Rd8 25. Qxf4 Rxd4 26. Qxc7 Rxe4 27. Bxe4 Qxe4 28. Ne3 h5 29. Qc4 Qe5 30. Qc3 Qb5 31. a4 Qb6 32. Nd5 Qd6 33. Qd4 Qa3 34. Rc7 Qxb3 35. Nxf6+ Kh6 36. Ng4+ Bxg4 37. Qxg7+ Kg5 38. h4+ Kf5 39. Qf7+ Qxf7 40. Rxf7+ Ke6 41. Rxb7 Bd1 42. Rb6+ Kf7 43. Ra6 Bxa4 44. Rxa5 Bc2 45. f3 Kf6 46. Kf2 Bd3 47. Ke3 Bc2 48. Kf4 Bd3 49. Rd5 Bc2 50. Rd6+ Ke7 51. Rc6 Bb1 52. Kg5 Kf7 53. Rf6+ Kg7 54. Rb6 Bf5 55. Rb7+ Kf8 56. Kf6 Kg8 57. Rg7+ Kh8 58. Rxg6 1-0

[Event "World Blitz 2023"]
[Site "Samarkand UZB"]
[Date "2023.12.29"]
[Round "6.2"]
[White "Artemiev, V."]
[Black "Praggnanandhaa, R."]
[Result "1-0"]
[WhiteElo "2711"]
[BlackElo "2740"]
[PlyCount "83"]
[EventDate "2023.12.29"]
[EventType "blitz"]

1. Nf3 d5 2. g3 c5 3. Bg2 Nc6 4. d4 e6 5. O-O cxd4 6. Nxd4 Bc5 7. Nb3 Bb6 8. e4 d4 9. c3 e5 10. cxd4 exd4 11. Na3 $146 ({RR} 11. N1d2 Ne5 12. Nf3 Bg4 13. Bf4 Nc6 14. Qd3 Bxf3 15. Bxf3 Nge7 16. e5 O-O 17. Rad1 Ng6 18. Bxc6 Nxf4 19. gxf4 bxc6 20. Nxd4 Bxd4 21. Qxd4 Qh4 22. f3 Rab8 23. b3 c5 24. Qxc5 Qxf4 25. Qd4 Qg5+ {Drasko,M (2352)-Jovancevic,J (2161) Herceg Novi MNE 2023 ½-½ (63)}) 11... Nge7 12. Bf4 O-O 13. Nc4 Be6 14. Rc1 Ng6 15. Qd2 Nxf4 16. Qxf4 Qe7 17. Qd6 Qf6 18. e5 Qh6 19. Nxb6 axb6 20. Rcd1 Rad8 21. Qc7 Bg4 22. Rd2 d3 23. Qxb6 Qh5 24. f4 Be2 25. Rf2 Qh6 26. Nc1 Qe6 27. Qb3 Qe7 28. Bxc6 bxc6 29. Nxe2 dxe2 30. Rfxe2 Qc5+ 31. Kg2 Rb8 32. Qc3 Qb5 33. b3 c5 34. f5 Rfe8 35. h4 h5 36. Qc4 Qc6+ 37. Qe4 Qc7 38. e6 fxe6 39. fxe6 Rb4 40. Qg6 Qc6+ 41. Kg1 Rg4 42. Qf7+ 1-0